000 nam a22 7a 4500
999 _c9356
_d9356
008 180129b ||||| |||| 00| 0 eng d
100 _aConvent Publication
_94207
245 _aSocial Science - VI
260 _aDELHI
_bConvent Publication